000 00332nam a2200121Ia 4500
005 20260328104300.0
008 260328s9999||||xx |||||||||||||| ||und||
100 _aKrauel, Jacobo
245 0 _aInnovación y Diseño :
_b Nuevos Centros comerciales /
_cJacobo Krauel
260 _bLinks
650 _aCENTROS COMERCIALES
942 _cBK
999 _c10592
_d10592